[Event "Alta CC-ch"]
[Site "Alta"]
[Date "2015.03.04"]
[Round "7"]
[White "Luostarinen, Asmo"]
[Black "Kristoffersen, Haakon"]
[Result "0-1"]
[WhiteElo "1186"]
[BlackElo "1019"]
[PlyCount "62"]
[EventDate "2015.01.14"]
[EventType "swiss"]
[EventRounds "10"]
[EventCountry "NOR"]
[SourceTitle "EXT 2017"]
[Source "ChessBase"]
[SourceDate "2016.10.25"]
[SourceVersion "1"]
[SourceVersionDate "2016.10.25"]
[SourceQuality "1"]

1. d4 d5 2. c4 c6 3. Nc3 Nf6 4. Nf3 Bf5 5. Bf4 Nbd7 6. e3 e6 7. Be2 Be7 8. Nh4 Bg6 9. c5 b6 10. Nxg6 hxg6 11. b4 bxc5 12. bxc5 Qa5 13. Qc2 Ne4 14. Rc1 g5 15. Bg3 Nxg3 16. fxg3 Rb8 17. 0-0 Nf6 18. g4 Qc7 19. g3 Kd7 20. e4 Rh6 21. e5 Rbh8 22. Rf2 Ng8 23. Rxf7 Rxh2 24. Qd2 Ke8 25. Rcf1 Rh1+ 26. Kg2 R8h2+ 27. Kf3 Rxf1+ 28. Ke3 Rxf7 29. Qd3 Rh3 30. Qg6 Rxg3+ 31. Kd2 Qa5 0-1

[Event "Alta CC-ch"]
[Site "Alta"]
[Date "2015.02.25"]
[Round "6"]
[White "Kristoffersen, Haakon"]
[Black "Greibrokk, Ingrid Andrea"]
[Result "1-0"]
[WhiteElo "1019"]
[BlackElo "1702"]
[PlyCount "105"]
[EventDate "2015.01.14"]
[EventType "swiss"]
[EventRounds "10"]
[EventCountry "NOR"]
[SourceTitle "EXT 2017"]
[Source "ChessBase"]
[SourceDate "2016.10.25"]
[SourceVersion "1"]
[SourceVersionDate "2016.10.25"]
[SourceQuality "1"]

1. e4 c5 2. Nf3 d6 3. d4 cxd4 4. Nxd4 Nf6 5. Nc3 g6 6. Be3 Bg7 7. f3 0-0 8. Bc4 Nc6 9. Qd2 Bd7 10. 0-0-0 Rc8 11. Bb3 Nxd4 12. Bxd4 a6 13. Kb1 b5 14. Nd5 Nxd5 15. Bxg7 Kxg7 16. Bxd5 Qc7 17. h4 h5 18. Rc1 Qc5 19. Bb3 b4 20. c3 bxc3 21. Qxc3+ Qxc3 22. Rxc3 Rxc3 23. bxc3 a5 24. Re1 Rc8 25. Re3 Rb8 26. Kc2 a4 27. Bc4 Rc8 28. Ba6 Ra8 29. Bc4 f6 30. f4 Rb8 31. e5 Bf5+ 32. Bd3 Bxd3+ 33. Kxd3 Rb2 34. exd6 exd6 35. Re2 Rxe2 36. Kxe2 Kf7 37. Ke3 Ke6 38. Ke4 d5+ 39. Kd4 Kf5 40. Kxd5 Kxf4 41. c4 Kg3 42. c5 Kxg2 43. c6 g5 44. hxg5 fxg5 45. c7 g4 46. c8Q g3 47. Qc2+ Kf3 48. Qe4+ Kf2 49. Qf4+ Kg2 50. Ke4 a3 51. Ke3 h4 52. Qxh4 Kf1 53. Qh1# 1-0

[Event "Fredrikstad Hostturnering"]
[Site "Fredrikstad"]
[Date "2002.11.13"]
[Round "7"]
[White "Stabbetorp, Hans M"]
[Black "Kristoffersen, Haakon"]
[Result "0-1"]
[WhiteElo "1415"]
[BlackElo "1541"]
[PlyCount "54"]
[EventDate "2002.09.??"]
[EventType "swiss"]
[EventRounds "9"]
[EventCountry "NOR"]
[SourceTitle "EXT 2005"]
[Source "ChessBase"]
[SourceDate "2004.11.15"]
[SourceVersion "1"]
[SourceVersionDate "2004.11.15"]
[SourceQuality "1"]

1. d4 Nf6 2. Nf3 d6 3. c4 Nbd7 4. Nc3 c6 5. h3 e5 6. dxe5 Nxe5 7. Nxe5 dxe5 8. Qxd8+ Kxd8 9. Bg5 Kc7 10. g3 Be6 11. b3 Bb4 12. Bd2 Bc5 13. Bg2 Rad8 14. Ne4 Nxe4 15. Bxe4 f5 16. Bg2 Bxf2+ 17. Kxf2 Rxd2 18. Rhd1 Rhd8 19. Rxd2 Rxd2 20. Ke3 Rd4 21. Rf1 a5 22. h4 h5 23. Bf3 g6 24. Rc1 a4 25. Rc2 f4+ 26. Kf2 Bf5 27. Rb2 a3 0-1

[Event "Fredrikstad CC-ch"]
[Site "Fredrikstad"]
[Date "2002.03.06"]
[Round "7"]
[White "Nilsen, Per Hartvig"]
[Black "Kristoffersen, Haakon"]
[Result "1/2-1/2"]
[WhiteElo "1640"]
[BlackElo "1517"]
[PlyCount "72"]
[EventDate "2002.01.??"]
[EventType "swiss"]
[EventRounds "11"]
[EventCountry "NOR"]
[SourceTitle "EXT 2005"]
[Source "ChessBase"]
[SourceDate "2004.11.15"]
[SourceVersion "1"]
[SourceVersionDate "2004.11.15"]
[SourceQuality "1"]

1. e4 c6 2. Nf3 d5 3. Nc3 dxe4 4. Nxe4 Nf6 5. Ng3 h5 6. Bc4 Bg4 7. h3 Bxf3 8. Qxf3 Nbd7 9. d4 Nb6 10. Bb3 Qxd4 11. 0-0 Nfd5 12. Ne4 e6 13. Rd1 Qe5 14. Bg5 f6 15. Re1 0-0-0 16. Bh4 Qf4 17. Qxf4 Nxf4 18. Bg3 e5 19. Rad1 Ne2+ 20. Kf1 Nd4 21. c3 Nxb3 22. Rxd8+ Kxd8 23. axb3 Be7 24. f4 f5 25. Rd1+ Ke8 26. Nd6+ Bxd6 27. Rxd6 e4 28. Bh4 Kf7 29. c4 Rh6 30. Rd8 Re6 31. Ke2 Re8 32. Rd6 a5 33. Bf2 Nc8 34. Rd7+ Re7 35. Rd8 Re8 36. Rd7+ Re7 1/2-1/2

[Event "Fredrikstad CC-ch"]
[Site "Fredrikstad"]
[Date "2002.01.23"]
[Round "3"]
[White "Boe, Timmy"]
[Black "Kristoffersen, Haakon"]
[Result "1-0"]
[WhiteElo "1543"]
[BlackElo "1517"]
[PlyCount "81"]
[EventDate "2002.01.??"]
[EventType "swiss"]
[EventRounds "11"]
[EventCountry "NOR"]
[SourceTitle "EXT 2005"]
[Source "ChessBase"]
[SourceDate "2004.11.15"]
[SourceVersion "1"]
[SourceVersionDate "2004.11.15"]
[SourceQuality "1"]

1. e4 c6 2. d4 d5 3. Nc3 dxe4 4. Nxe4 Nf6 5. Nxf6+ gxf6 6. Be3 Bf5 7. Nf3 e6 8. Bd3 Bg6 9. Qd2 Nd7 10. 0-0 Qc7 11. a4 a5 12. Rfe1 Nb6 13. Bf4 Bd6 14. Bxd6 Qxd6 15. c4 Qb4 16. Bxg6 hxg6 17. Qf4 Qe7 18. b3 0-0-0 19. b4 Nxc4 20. b5 Qd6 21. Qc1 Nb6 22. bxc6 bxc6 23. Qc3 Rh5 24. Rab1 Kc7 25. Rb5 Rxb5 26. axb5 Rc8 27. Rc1 a4 28. Nd2 f5 29. Qf3 Qd5 30. Qf4+ e5 31. dxe5 Qxb5 32. e6+ Kb7 33. Rb1 Qd5 34. Nc4 fxe6 35. Nxb6 Qd3 36. Qb4 Qb5 37. Qxb5 cxb5 38. Nxc8 Kc6 39. Nd6 Kxd6 40. Rxb5 Kc6 41. Ra5 1-0

[Event "Fredrikstad op"]
[Site "Fredrikstad"]
[Date "2001.12.05"]
[Round "9"]
[White "Kristoffersen, Haakon"]
[Black "Andersen, Harry"]
[Result "1-0"]
[WhiteElo "1471"]
[BlackElo "1687"]
[PlyCount "115"]
[EventDate "2001.08.??"]
[EventType "swiss"]
[EventRounds "9"]
[EventCountry "NOR"]
[SourceTitle "EXT 2005"]
[Source "ChessBase"]
[SourceDate "2004.11.15"]
[SourceVersion "1"]
[SourceVersionDate "2004.11.15"]
[SourceQuality "1"]

1. d4 Nf6 2. c4 g6 3. Nf3 Bg7 4. g3 d5 5. Nc3 0-0 6. cxd5 Nxd5 7. Bg2 c5 8. 0-0 Nxc3 9. bxc3 Nc6 10. Bb2 Qb6 11. Qb3 Na5 12. Qxb6 axb6 13. Nd2 Rd8 14. e3 Bg4 15. Rfe1 Rac8 16. Be4 e5 17. d5 f5 18. Bg2 Bh5 19. c4 b5 20. Bf1 bxc4 21. Nxc4 Nxc4 22. Bxc4 Bf3 23. d6+ Kf8 24. d7 Rc6 25. a4 e4 26. Rab1 Bxb2 27. Rxb2 Rxd7 28. Bb5 Rb6 29. a5 Rxb5 30. Rxb5 Bd1 31. Rxc5 Ke7 32. Rb5 Bg4 33. Rc5 Kf6 34. h4 g5 35. Ra1 Bd1 36. hxg5+ Kxg5 37. Rac1 Be2 38. Rc7 Rd5 39. Ra1 Ba6 40. Rxh7 Kg4 41. Rh4+ Kg5 42. Rh8 Rc5 43. Rg8+ Kf6 44. g4 fxg4 45. Rxg4 Kf5 46. Rf4+ Ke5 47. Kg2 Be2 48. Rf8 Kd6 49. Rg8 Kc6 50. Rc8+ Kd6 51. Rxc5 Kxc5 52. Rb1 Bb5 53. Kg3 Bc6 54. Kf4 Kc4 55. Ke5 Ba4 56. Rxb7 Kd3 57. a6 Ke2 58. a7 1-0